000 00408nam a2200181Ia 4500
001 663
005 20260306140534.0
008 260306t2006||||xx |||||||||||||| ||spa||
041 _aESP
082 _a128.2
_bM569
100 _aMoya, Carlos J.
_eAUT
245 0 _aFilosofía de la mente
260 _c2006
300 _a237 páginas
_c24 cm.
650 _aGEN
654 _aCHU
942 _cLIB
_dJUS
_fJUS
_2ddc
_n
999 _c663
_d663